|
|
|
|
| LEADER |
00624nta a2200193 i 4500 |
| 001 |
dipl118100 |
| 005 |
20210827094125.0 |
| 008 |
210827s2004 hu om 0|| hun d |
| 040 |
|
|
|a SZTE Diploma Repozitórium
|b hun
|
| 041 |
|
|
|a hun
|
| 100 |
1 |
|
|a Tóth Miklós
|
| 245 |
1 |
0 |
|a Pedagógiai nézetek az antik filozófiában
|h [elektronikus dokumentum] /
|c Miklós Tóth
|
| 260 |
|
|
|c 2004
|
| 650 |
|
4 |
|a Pedagógusképzés
|
| 650 |
|
4 |
|a Humanities
|
| 650 |
|
4 |
|a History and archaeology
|
| 650 |
|
4 |
|a History
|
| 700 |
1 |
|
|a Mayer Gyula
|e ths
|
| 856 |
4 |
0 |
|u http://diploma.bibl.u-szeged.hu/id/eprint/118100/1/2004_toth_miklos.pdf
|z Dokumentum-elérés
|